000 01038 a2200265 4500
003 Nust
005 20230526143024.0
010 _a 87028849
020 _a0852748116
020 _a0852748124 (pbk.)
040 _cNust
082 0 0 _a004.35
100 1 _aHockney, Roger W.
_993873
245 1 0 _aParallel computers 2 :
_barchitecture, programming, and algorithms /
_cR.W. Hockney, C.R. Jesshope.
246 3 _aParallel computers two
250 _a2nd ed.
260 _aBristol, England ;
_aPhiladelphia :
_bA. Hilger,
_c1988.
300 _axv, 625 p. :
_bill. ;
_c24 cm.
505 _aIntroduction (Page-1), Pipelined Computers (Page-117), Multiprocessors and Processor Arrays (Page-245), Parallel Languages (Page-370), Parallel Algorithms (Page-432), Technology and the Future (Page-551).
650 0 _aParallel computers.
_913754
700 1 _aHockney, Roger W.
_993873
700 1 _aJesshope, C. R.
_993874
856 4 2 _3Publisher description
_uhttp://www.loc.gov/catdir/enhancements/fy0653/87028849-d.html
942 _2ddc
_cBK
999 _c176332
_d176332